000 00451nam a22001457a 4500
082 _a519.24024388
_bGER
_cD
100 _aGerlough, Daniel L.
_919688
245 _aPoisson and other distributions in traffic
_cGerlough, Daniel L.
260 _aFrance
_bENO foundation for transportation
_c1971
300 _ax, 134 p.;
526 _a0
_b0
_c0
_d519_240243880000000_GER
650 _aNUST
_96342
700 _aGerlough, Daniel L.
_919688
942 _2ddc
_cBK
999 _c543933
_d543933